Ciencia: comprensión del medio natural, social y cultural: 3
Sparad:
| Huvudupphovsmän: | , |
|---|---|
| Materialtyp: | Bok |
| Språk: | spanska |
| Publicerad: |
Santiago
Universitaria
1997
|
| Ämnen: | |
| Taggar: |
Lägg till en tagg
Inga taggar, Lägg till första taggen!
|
MARC
| LEADER | 00000nam a2200000 a 4500 | ||
|---|---|---|---|
| 001 | UCQ4674 | ||
| 003 | CL-VaPUC | ||
| 008 | 980910e19970000CL |||||||||||||||||spa|d | ||
| 082 | 0 | 4 | |a 372.3 |b PUG |2 21 |
| 100 | 0 | |a Puga Matte, Bernardita |e author |9 418872 | |
| 700 | 0 | |a Valdes Ruíz, Ana María |e author |9 418873 | |
| 245 | 1 | 0 | |a Ciencia: comprensión del medio natural, social y cultural: 3 |
| 300 | |a 176 p | ||
| 942 | |c BK | ||
| 945 | |d 19980910 00:00:00 |a mvenant | ||
| 260 | |a Santiago |b Universitaria |c 1997 | ||
| 500 | |a Acompaña folleto | ||
| 650 | 0 | |a Ciencias naturales |9 260542 | |
| 650 | 0 | |a Educación básica |9 224933 | |
| 650 | 7 | |a ENSEÑANZA DE LAS CIENCIAS NATURALES |2 CL-VaPUC |9 418874 | |
| 650 | 0 | |a Libros de texto |9 270019 | |
| 583 | |a last modification |c 19980910 00:00:00 |k Rodrigo Vera | ||
| 999 | |c 274989 |d 274987 | ||
| 952 | |0 0 |1 0 |4 0 |6 372_300000000000000_PUG_1997 |7 0 |8 A |9 311450 |a BIBEDU |b BIBEDU |d 2019-11-20 |i 3460797 |o 372.3 PUG 1997 |p 3460797 |r 2019-11-20 |w 2019-11-20 |y BK |k EPE | ||
| 952 | |0 0 |1 0 |4 0 |6 372_300000000000000_PUG_1997 |7 0 |8 A |9 311451 |a BIBEDU |b BIBEDU |d 2019-11-20 |i 3460800 |o 372.3 PUG 1997 |p 3460800 |r 2019-11-20 |w 2019-11-20 |y BK |k EPE | ||
| 952 | |0 0 |1 0 |4 0 |6 372_300000000000000_PUG_1997 |7 0 |8 A |9 311452 |a BIBEDU |b BIBEDU |d 2019-11-20 |i 3460819 |o 372.3 PUG 1997 |p 3460819 |r 2019-11-20 |w 2019-11-20 |y BK |k EPE | ||